Quizzes
Events
Quiz Creation
Community
Videos
Private Events
Remove Ads
Sign In
Join for FREE
Feedback
Dark Mode
Quiz Categories
Sports
Geography
Music
Movies
Television
Just For Fun
Miscellaneous
History
Literature
Language
Science
Gaming
Entertainment
Religion
Holiday
For Kids
Quiz Lab
Recent
Popular Today
Quiz Kudos Today
Editor Picks
Curator Picks
Quizzes by...
Day
Popularity
Type
Ratings
Length
Year
Community
Subscriptions
Recent Discussions
Orange Saloon
Badges
Playlists
Quests
Create
Leaderboards
Showdown
Live 5
Trivia Bingo
Activity
Puzzle Library
Sporcle Events
Private Events
Virtual Trivia
Globe League
Become a Host
Pub Owners
SporcleCon
Opinionation
Our Games
Videos
Blog
Mobile Apps
Partnerships
Remove Ads and Go Orange
Feedback
Music
Pop Music
The Beatles
Song
Album
Lyrics
Bands
Singers
Artist
Clip
Rock
Rap
Classical
Billboard
Country Music
Kpop
Taylor Swift
Music
Pop Music
The Beatles
Song
Album
Lyrics
Bands
Singers
Artist
Clip
Rock
Rap
Classical
Billboard
Country Music
Kpop
Taylor Swift
Random Quiz
Search Sporcle
×
Quiz Lab
Quiz Lab
Music
The Beatles
Type in answers that appear in a list
Type in answers that appear in a list
Classic
Best Score? Go Orange.
Guess The Beatles' Songs by Lyric III (Super Hard) Stats
Can you name the Beatles' Songs by Lyric?
By
lanterncorpsfan
10m
25 Questions
401 Plays
401 Plays
401 Plays
Comments
Comments
Give Quiz Kudos
Give Quiz Kudos
-
- Ratings
hide this ad
Replay
Link that replays current quiz
Next Quiz
Link to next quiz in quiz playlist
You Got
0%
They Got
Avg Score
59%
Avg Friend Score
Upgrade to see
Score Distribution
Jump to the score distribution portion of the page
Score
0/25
Timer
10:00
0
Plays Today
Lyric
Song
% Correct
Sont des mots qui vont tres bien ensemble trens bien ensemble
Michelle
92.3%
Number 9, Number 9, Number 9...
Revolution 9
84.5%
Finally made the plane into Paris honeymooning down by the Seine
The Ballad of John and Yoko
82.3%
But when she turns her back on the boy he creeps up from behind
Maxwell's Silver Hammer
80%
Love you forever and forever love you with all my heart
I Will
73.1%
Lady Madonna trying to make ends meet, yeah
Glass Onion
72.8%
Well I know that I'm a wicked guy and I was born with a jealous mind
Run for Your Life
72.3%
Sie Liebt Dich, yeah yeah yeah
Sie Liebt Dich
71.8%
Like the F.B.I. and the C.I.A. and the BBC
Dig It
66.6%
Someone is speaking, but she doesn't know he's there
Here, There and Everywhere
65.8%
Your lovin' gives me a thrill but your lovin' don't pay my bills
Money (That's What I Want)
64.6%
And now the time has come and, my love, I must go
I'll Follow the Sun
64.6%
One sweet dream pick up the bags and get in the limousine
You Never Give Me Your Money
63.8%
Lyric
Song
% Correct
When I cannot sing my heart I can only speak my mind
Julia
60.1%
Swaying daisies sing a lazy song beneath the sun
Mother Nature's Son
51.6%
I'm the kind of guy who never used to cry
Misery
51.4%
Good evening and welcome to slaggers featuring Denis O'Bell
You Know My Name (Look Up the Number)
50.1%
And the same goes for me, whenever you want me at all, I'll be here, yes I will
All I've Got to Do
47.4%
One sunny day the world was waiting for a lover
Sexy Sadie
47.1%
So many tears I was searching so many tears I was wasting
Long, Long, Long
42.4%
You know you made me cry I see no use in wondering why I cry for you
Not a Second Time
42.1%
Well don't you know I can't take it I don't know who can
I Call Your Name
38.2%
If you want someone to make you feel so fine then we'll have some fun when you're mine
Little Child
36.9%
When I'm with her I'm happy just to know that she loves me
Every Little Thing
36.4%
Well I used to walk you home baby after school, carry your books home, too
Slow Down
35.9%
Quiz Playlist
Details
Report
Send in Message
Add To Playlist
Classic:
Type in answers that appear in a list
Last Updated: Feb 16, 2017
Quiz Scoreboard
CHALLENGE
Sign Up to Join the Scoreboard
Show All
Scores
Hide
Comments
May contain spoilers
Recently Published
Billboard Blitz: Fleetwood Mac
by CooCooCachoo
Music
15s
Presidents Visiting Landmarks
by Hejman
History
7m
An Introduction to Baseball
by treessimontrees
Sports
5m
More to Explore
Quiz From the Vault
Featured Blog Post
Where Did the Easter Bunny Come From?
hide this ad
You Might Also Like...
Tags
Lyrics Quiz
The Beatles Quiz
Today's Top Quizzes in Music
Browse Music
hide this ad
Today's Top Quizzes in The Beatles
Browse The Beatles
Top Contributed Quizzes in Music
1
Taylor Swift All Songs (2024)
2
Guess the Artist- 70s Songs
3
7-to-1: Billboard Hot 100 #1 Hits of 2010s
4
Sorting Albums and Songs
5
Taylor Swift Logic Puzzle
6
KPOP LOGIC QUIZ
7
2010s Album by Cover III
8
One Thing in Common: Music
9
Guess the Taylor Swift song (Mystery Song)
10
Guess The Taylor Swift Lyrics Song #1
Explore More
Trending Topics
Crossword
Disney
Marvel
Anime
Harry Potter
NBA
Kpop
Puzzle
The Office
NFL
Pokémon
Song
Soccer
WWE
Country
hide this ad
More By:
lanterncorpsfan
Quiz
Plays
Rating
Category
Featured
Created
Green Lantern's Greatest Enemy
1,356
1.19
Entertainment
May 4, 2011
Guess the Lyrics to This Beatles Song
585
2.80
Music
May 16, 2011
Guess The Beatles' Songs by Lyrics
569
4.33
Music
May 9, 2011
Black Lanterns
495
2.64
Entertainment
Apr 29, 2011
Hawkeye Facts
460
4.00
Entertainment
Jun 21, 2011
Go to Creator's Profile
Score Distribution
Quiz Creator Spotlight
lanterncorpsfan
Follow
Send a Message
Quizzes Created
-
Created Quiz Play Count
-
More By This Creator
Popular Quizzes Today
1
Find the US States - No Outlines Minefield
2
Find the Countries of Europe - No Outlines Minefield
3
The Countries of the World
4
Find the US States
5
US States
6
Popular People in 1961
7
Risky Map Clicking: Biggest States A-Z
8
Movies - When Are They Set?
More Music Quizzes
'Jolene' Lyrics
Published
Trending Quizzes
Risky Map Clicking: Least Populous States A-Z
1-10 Letter G Words
1-10 Letter F Words
Risky Map Clicking: Next State Alphabetically
Risky Map Clicking: Biggest States A-Z
Recently Updated
Leaping Animals
pecheneg
Reality TV Shows (A-Z)
bhenderson79
Rickey Henderson's Hall of Fame Teammates
pecheneg
Champions League XIs: Arsenal
pecheneg
Quick Pick: Celebrities in WWE's Hall of Fame
aduchscher
A-Z Keypad Blitz II
pecheneg
Multiple Oscar Actors
pecheneg
Mystery Phrase Blitz: Oscar 'Best Actors'
pecheneg
F. Scott Fitzgerald Novels
LTH
Pick 3 Villains
ddd62291
Trending Topics
Disney
Harry Potter
NBA
Kpop
Crossword
Anime
Marvel
WWE
The Office
Puzzle
Country
NFL
Song
Pokémon
Soccer
Your Account Isn't Verified!
In order to create a playlist on Sporcle, you need to verify the email address you used during registration. Go to your
Sporcle Settings
to finish the process.
Report this User
Report this user for behavior that violates our
Community Guidelines
.
Details:
Send Report
Go to the Sporcle.com Mobile Site →
Comments